000 00557nam a2200253Ia 4500
008 210210b1943 xxu||||| |||| 00| 0 eng d
041 _aeng
082 _a881/47
100 _aKALIDASA
245 _aRaghuvamsa cantos 12 and 13 by Shastri Ar Es Vi Es
260 _aMaDras
_bAmbika publications
_c1943
650 _aVi
650 _aShastri
650 _aRaghuvamsa
650 _aEs
650 _acantos
650 _aby
650 _aAr
650 _aand
650 _a13
650 _a12
690 _aSanskrit Poetry
906 _a024219
999 _c149580
_d149580